Application du réseau pentagonal a la coordination des sources de pétrole et des dépots bitumineux / (Record no. 189619)

MARC details
000 -LEADER
campo de control de longitud fija 00814nam a2200181 i 4500
001 - NÚMERO DE CONTROL
campo de control 189619
003 - IDENTIFICADOR DE NÚMERO DE CONTROL
campo de control ES-MaACL
005 - FECHA Y HORA DE LA ÚLTIMA TRANSACCIÓN
campo de control 20230906223520.0
008 - DATOS DE LONGITUD FIJA--INFORMACIÓN GENERAL
campo de control de longitud fija 190703q1863 fr |||| | fre d
100 1# - ENTRADA PRINCIPAL--NOMBRE DE PERSONA
Nombre de persona Beguyer de Chancourtois, Alexandre-Emile.
9 (RLIN) 27043
245 10 - MENCIÓN DEL TÍTULO
Título Application du réseau pentagonal a la coordination des sources de pétrole et des dépots bitumineux /
Mención de responsabilidad, etc. [E.B. de Chancourtois].
260 ## - PUBLICACIÓN, DISTRIBUCIÓN, ETC.
Lugar de publicación, distribución, etc. [Paris :
Nombre del editor, distribuidor, etc. s.n.,
Fecha de publicación, distribución, etc. 1863]
300 ## - DESCRIPCIÓN FÍSICA
Extensión 20 p. ;
Dimensiones 27 cm.
594 ## - Nota al título y mención de responsabilidad
Nota al título y mención de responsabilidad Autor y fecha tomados de p. 4 y p. 11.
650 #4 - PUNTO DE ACCESO ADICIONAL DE MATERIA--TÉRMINO DE MATERIA
Término de materia o nombre geográfico como elemento de entrada Proyección cartográfica.
9 (RLIN) 154258
650 #4 - PUNTO DE ACCESO ADICIONAL DE MATERIA--TÉRMINO DE MATERIA
Término de materia o nombre geográfico como elemento de entrada Petroleo-
Subdivisión general Geología.
9 (RLIN) 147559
852 ## - LOCALIZACIÓN
Ubicación ES-MaACL
Número de control de estantería L-32451(5)
Nota libre - Enc. cart.
-- . - Legado Federico de Botella y de Hornos
-- - Enc. en un vol. facticio, con tít. en el lomo de: Rapport sur les progrés de la stratigraphie
Holdings
Estatus retirado Estado de pérdida Estado de daño No para préstamo Colección Biblioteca de origen Biblioteca actual Ubicación en estantería Fecha de adquisición Fuente de adquisición Total de préstamos Signatura topográfica completa Código de barras Visto por última vez Precio de reemplazo Tipo de ítem Koha
        Libros del s. XIX Biblioteca del Ateneo de Madrid Biblioteca del Ateneo de Madrid Depósito 2 03/07/2019     L-32451(5) 1200977 23/02/2023 23/02/2023 Libro impreso antiguo